Les 20 plus grandes villes des Côtes-d'Armor sur une carte - Statistiques

Statistiques générales
  • Ce quiz a été pris 115 fois
  • Le résultat moyen est 12 sur 20
Réponses sur la Carte
Les réponses sont colorées sur une échelle allant du rouge au vert en fonction du pourcentage des utilisateurs qui les ont devinées à leur premier essai. Vous pouvez retrouver ces pourcentages ci-dessous.
 
Statistiques - réponses
Population Initiale Ville % Correct
44 607 S Saint-Brieuc
99%
14 966 D Dinan
91%
20 525 L Lannion
91%
7 127 G Guingamp
85%
16 911 L Lamballe-Armor
82%
7 266 P Paimpol
73%
7 260 P Perros-Guirec
73%
9 875 L Loudéac
67%
14 527 P Plérin
57%
7 020 B Binic-Étables-sur-Mer
56%
11 347 P Ploufragan
54%
7 947 L Langueux
52%
8 462 T Trégueux
48%
4 980 Y Yffiniac
48%
4 862 B Bégard
40%
7 393 P Pordic
40%
5 418 P Ploumagoar
36%
4 677 P Plouha
33%
6 909 P Plédran
32%
6 420 (Le) M Le Mené
26%
Aucun quiz correspondant
Distribution des résultats
% des personnes avec chaque résultat
Percentile par nombre de réponses
Votre historique - résultats
Vous n’avez pas pris ce quiz